Contract? (Record no. 77043)

MARC details
000 -LEADER
fixed length control field 00934cab a2200205 4500
001 - CONTROL NUMBER
control field ##L133500
008 - FIXED-LENGTH DATA ELEMENTS--GENERAL INFORMATION
fixed length control field 060512n2006 000 0 eng u
035 ## - SYSTEM CONTROL NUMBER
System control number (Sirsi) u133500
041 0# - LANGUAGE CODE
Language code of text/sound track or separate title eng
100 1# - MAIN ENTRY--PERSONAL NAME
Personal name Fox, Owen
245 00 - TITLE STATEMENT
Title Contract?
Remainder of title what contract?
260 ## - PUBLICATION, DISTRIBUTION, ETC.
Date of publication, distribution, etc. 2006
490 #0 - SERIES STATEMENT
Series statement Contract Journal
Volume/sequential designation 433(6574) 10 May 2006, 18(1)
520 ## - SUMMARY, ETC.
Summary, etc. Discusses "ERDC Group Ltd v Brunel University" ([2006] EWHC 687 TCC, L133495), where it was held that, in circumstances where no contract for works existed after a specific date, the contractor was entitled to be paid on a quantum meruit basis, but calculated by reference to tendered rates and prices prevailing before the contract expired.
590 ## - LOCAL NOTE (RLIN)
Local note IKA230506
650 24 - SUBJECT ADDED ENTRY--TOPICAL TERM
Topical term or geographic name entry element ERDC GROUP LTD V BRUNEL UNIVERSITY
651 #4 - SUBJECT ADDED ENTRY--GEOGRAPHIC NAME
Geographic name England and Wales
Chronological subdivision 1543-
690 ## - LOCAL SUBJECT ADDED ENTRY--TOPICAL TERM (OCLC, RLIN)
Topical term or geographic name as entry element MANAGEMENT-DISPUTE AVOIDANCE, MANAGEMENT AND RESOLUTION-DISPUTE MANAGEMENT AND RESOLUTION
942 ## - ADDED ENTRY ELEMENTS (KOHA)
Suppress in OPAC 0
Holdings
Withdrawn status Lost status Source of classification or shelving scheme Damaged status Not for loan Home library Current library Shelving location Date acquired Total Checkouts Full call number Barcode Date last seen Copy number Price effective from Koha item type
    Dewey Decimal Classification     London London Journal article 15/05/2006   L133500 133500-1001 06/08/2019 1 06/08/2019 Journal article